00200nam a22000977a 4500040000800000082001400008100002000022245004300042250000800085300000900093 cdlc a808.06665 aBryan Greetham  aPalgrave Study Skills How to Write -  a2nd a395p